000 00322nam a2200121Ia 4500
008 190216s9999||||xx |||||||||||||| ||und||
100 _aDavid Green
245 0 _aContemporary English Grammer Structures And Composition
260 _bMacmillan India Ltd
_c1971
300 _a182p
650 _aEnglish Grammar
942 _cBK
999 _c13804
_d13804